000 00591nam a2200181Ia 4500
008 090123s9999 xx 000 0 und d
082 _b7382
_a891.463/भागव
100 _aभागवत यशवंत
245 _aप्रकाशाची सावली
250 _a1
260 _bमनोरमा प्रकाशन
300 _a218
600 _aभागवत यशवंत
630 _aप्रकाशाची सावली
700 _aभागवत यशवंत
730 _aप्रकाशाची सावली
942 _cBOOK
999 _c45448
_d45448